| 000 | 01055nam a2200289 i 4500 | ||
|---|---|---|---|
| 001 | 67650 | ||
| 003 | ES-MaACL | ||
| 005 | 20250905164148.0 | ||
| 007 | t| | ||
| 008 | 040609s2003 sp |||| |dspa d | ||
| 020 | _a84-7476-354-1 | ||
| 080 | _a316.2 Le Play, Frédéric | ||
| 080 | _a303 | ||
| 100 | 1 |
_aGarrigós Monerris, José Ignacio. _955759 |
|
| 245 | 1 | 0 |
_aFrédéric Le Play _b: biografía intelectual, metodología e investigaciones sociológicas / _cJosé Ignacio Garrigós Monerris. |
| 250 | _a1ª ed. | ||
| 260 |
_aMadrid : _bCentro de Investigaciones Sociológicas : _bSiglo XXI de España, _c2003. |
||
| 300 |
_aXVIII, 243 p : _b1 mapa ; _c21 cm. |
||
| 490 | 1 |
_aColección "Monografías" ; _vn. 203 |
|
| 500 | _aBasado en la tesis del autor. | ||
| 504 | _aBibliografía: p. [217]-243. | ||
| 600 | 0 | 4 |
_aLe Play, Frédéric, _d1806-1882 _970910 |
| 650 | 1 | 4 |
_aCiencias sociales- _xMetodología _910996 |
| 830 | 0 |
_aColección "Monografías" ; _vn. 203 _9183203 |
|
| 852 |
_aES-MaACL _jL-27878 |
||
| 999 |
_c67650 _d67650 |
||